Recovery, Renewal, Reclaiming: Anthropological Research toward Healing (Record no. 36739)
[ view plain ]
| 000 -LEADER | |
|---|---|
| fixed length control field | 00602nam a2200121Ia 4500 |
| 008 - FIXED-LENGTH DATA ELEMENTS--GENERAL INFORMATION | |
| fixed length control field | 220621s9999||||xx |||||||||||||| ||und|| |
| 100 ## - MAIN ENTRY--PERSONAL NAME | |
| Personal name | Lindsey King (Ed.) |
| 245 #0 - TITLE STATEMENT | |
| Title | Recovery, Renewal, Reclaiming: Anthropological Research toward Healing |
| 546 ## - LANGUAGE NOTE | |
| Language note | English[eng] |
| 650 ## - SUBJECT ADDED ENTRY--TOPICAL TERM | |
| Topical term or geographic name entry element | Medical anthropology--Southern States--Cross-cultural studies--Congresses||Ethnology--Southern States--Congresses||Public health--Social aspects--United States--Citizen participation--Case studies--Congresses |
| 856 ## - ELECTRONIC LOCATION AND ACCESS | |
| Uniform Resource Identifier | <a href="http://trace.tennessee.edu/cgi/viewcontent.cgi?article=1000&context=utk_sasproceed">http://trace.tennessee.edu/cgi/viewcontent.cgi?article=1000&context=utk_sasproceed</a> |
| 942 ## - ADDED ENTRY ELEMENTS (KOHA) | |
| Koha item type | E-Books |
| Withdrawn status | Lost status | Damaged status | Not for loan | Home library | Current library | Date acquired | Total Checkouts | Date last seen | Price effective from | Koha item type |
|---|---|---|---|---|---|---|---|---|---|---|
| Kerala University of Digital Sciences, Innovation and Technology Knowledge Centre | Kerala University of Digital Sciences, Innovation and Technology Knowledge Centre | 21/06/2022 | 21/06/2022 | 21/06/2022 | E-Books |